[Event "Wch Seniors 65 29th"]
[Site "Bucharest"]
[Date "2019.11.21"]
[Round "9"]
[White "Evulet, Gheorghe"]
[Black "Candea, Gheorghe"]
[Result "1-0"]
[WhiteElo "1890"]
[BlackElo "2005"]
[PlyCount "101"]
[EventDate "2019.11.12"]
[EventType "swiss"]
[EventRounds "11"]
[EventCountry "ROU"]
[SourceTitle "CBM 193 Extra"]
[Source "ChessBase"]
[SourceDate "2020.01.31"]
[SourceVersion "1"]
[SourceVersionDate "2020.01.31"]
[SourceQuality "1"]

1. e4 c5 2. Nf3 Nc6 3. Bb5 g6 4. 0-0 Bg7 5. c3 Nf6 6. Re1 0-0 7. d4 cxd4 8. cxd4 d5 9. e5 Ne8 10. h3 Nc7 11. Bxc6 bxc6 12. b3 Ne6 13. Nc3 Bb7 14. Na4 c5 15. Nxc5 Nxc5 16. dxc5 Qc7 17. Bb2 Qxc5 18. Bd4 Qa5 19. b4 Qa6 20. Bc5 Qe6 21. Nd4 Qd7 22. e6 Qc7 23. exf7+ Rxf7 24. Ne6 Qd7 25. Nxg7 Rxg7 26. Qd4 Re8 27. Qe5 Qf5 28. Bxa7 Qxe5 29. Rxe5 e6 30. Bc5 Rd7 31. a4 d4 32. Rd1 d3 33. Re3 Ra8 34. Rexd3 Bd5 35. Ra3 Rc7 36. Rd2 Kf7 37. Rb2 h5 38. Be3 Rc4 39. a5 Rcc8 40. b5 Rcb8 41. Bf4 Rb7 42. a6 Re7 43. b6 e5 44. Bg5 Rd7 45. b7 Rb8 46. a7 Rbxb7 47. a8Q Rxb2 48. Qh8 Be4 49. Qf6+ Kg8 50. Be3 Rb5 51. Qe6+ 1-0

[Event "Wch Seniors 65 29th"]
[Site "Bucharest"]
[Date "2019.11.15"]
[Round "4"]
[White "Patola, Eero"]
[Black "Candea, Gheorghe"]
[Result "1-0"]
[WhiteElo "1794"]
[BlackElo "2005"]
[PlyCount "43"]
[EventDate "2019.11.12"]
[EventType "swiss"]
[EventRounds "11"]
[EventCountry "ROU"]
[SourceTitle "CBM 193 Extra"]
[Source "ChessBase"]
[SourceDate "2020.01.31"]
[SourceVersion "1"]
[SourceVersionDate "2020.01.31"]
[SourceQuality "1"]

1. e4 c5 2. c4 Nc6 3. Nc3 g6 4. g3 Bg7 5. Bg2 Nf6 6. Nge2 d6 7. d3 Bg4 8. h3 Bd7 9. 0-0 0-0 10. Rb1 Ne8 11. f4 Qc8 12. Kh2 Nc7 13. a3 f5 14. b4 cxb4 15. axb4 Nd4 16. Nxd4 Bxd4 17. Bb2 fxe4 18. dxe4 e5 19. Ne2 Ne6 20. Nxd4 exd4 21. f5 Ng7 22. Qxd4 1-0

[Event "Wch Seniors 20th"]
[Site "Arco"]
[Date "2010.10.28"]
[Round "3"]
[White "Candea, Gheorghe"]
[Black "Rotelli, Pietro"]
[Result "1-0"]
[WhiteElo "2142"]
[BlackElo "1959"]
[PlyCount "69"]
[EventDate "2010.10.26"]
[EventType "swiss"]
[EventRounds "11"]
[EventCountry "ITA"]
[SourceTitle "EXT 2011"]
[Source "ChessBase"]
[SourceDate "2010.11.26"]
[SourceVersion "1"]
[SourceVersionDate "2010.11.26"]
[SourceQuality "1"]

1. e4 c6 2. d4 d5 3. e5 c5 4. c3 Bf5 5. Bd3 Bxd3 6. Qxd3 e6 7. Nf3 Nc6 8. 0-0 cxd4 9. cxd4 Nge7 10. Be3 Nf5 11. Nc3 Be7 12. Rac1 0-0 13. a3 a6 14. Rc2 Rc8 15. Rfc1 Nxe3 16. fxe3 f5 17. exf6 Rxf6 18. e4 Rxf3 19. gxf3 Nxd4 20. Nxd5 Nxc2 21. Nxe7+ Qxe7 22. Rxc2 Rxc2 23. Qxc2 Qd7 24. Qc3 Kf7 25. Kf2 Qc6 26. Qxc6 bxc6 27. Ke3 e5 28. Kd3 Ke6 29. Kc4 Kd6 30. Kb4 Kc7 31. Kc5 a5 32. b4 axb4 33. Kxb4 g5 34. Kc5 h5 35. h3 1-0

[Event "Wch Seniors 20th"]
[Site "Arco"]
[Date "2010.10.27"]
[Round "2"]
[White "Malmdin, Nils Ake"]
[Black "Candea, Gheorghe"]
[Result "1-0"]
[WhiteElo "2300"]
[BlackElo "2142"]
[PlyCount "77"]
[EventDate "2010.10.26"]
[EventType "swiss"]
[EventRounds "11"]
[EventCountry "ITA"]
[SourceTitle "EXT 2011"]
[Source "ChessBase"]
[SourceDate "2010.11.26"]
[SourceVersion "1"]
[SourceVersionDate "2010.11.26"]
[SourceQuality "1"]

1. d4 Nf6 2. Nc3 d5 3. Bg5 e6 4. e4 dxe4 5. Nxe4 Be7 6. Bxf6 Bxf6 7. Nf3 Nd7 8. Bd3 Be7 9. Qe2 c6 10. h4 Qa5+ 11. c3 Qh5 12. 0-0-0 Nf6 13. Kb1 Nxe4 14. Bxe4 Bd7 15. g4 Qa5 16. Ne5 Qc7 17. g5 Bd6 18. Nd3 0-0-0 19. c4 f6 20. gxf6 gxf6 21. Rhg1 f5 22. Bf3 Rdg8 23. h5 Bh2 24. Rh1 Bf4 25. Rhg1 Bh2 26. Rge1 Re8 27. Ne5 Re7 28. Nxd7 Qxd7 29. d5 cxd5 30. cxd5 e5 31. d6 Ree8 32. Rc1+ Kd8 33. Rc7 Qxd6 34. Rxb7 e4 35. Rd1 exf3 36. Rxd6+ Bxd6 37. Qxf3 Re1+ 38. Kc2 Rhe8 39. Qc6 1-0

[Event "Wch Seniors 19th"]
[Site "Condino"]
[Date "2009.11.04"]
[Round "8"]
[White "Trefzer, Erhard"]
[Black "Candea, Gheorghe"]
[Result "1/2-1/2"]
[WhiteElo "2074"]
[BlackElo "2232"]
[PlyCount "27"]
[EventDate "2009.10.27"]
[EventType "swiss"]
[EventRounds "11"]
[EventCountry "ITA"]
[SourceTitle "EXT 2010"]
[Source "ChessBase"]
[SourceDate "2010.11.25"]
[SourceVersion "1"]
[SourceVersionDate "2010.11.25"]
[SourceQuality "1"]

1. e4 c5 2. Nc3 Nc6 3. f4 d6 4. Nf3 g6 5. Bb5 Bd7 6. 0-0 Bg7 7. d3 Nf6 8. Qe1 0-0 9. Bxc6 Bxc6 10. Qh4 e6 11. f5 Nd7 12. Bg5 f6 13. fxg6 hxg6 14. Bh6 1/2-1/2

[Event "ROM-chT"]
[Site "Romania"]
[Date "1994.??.??"]
[Round "?"]
[White "Candea, Gheorghe"]
[Black "Stoica, Valentin"]
[Result "0-1"]
[WhiteElo "2400"]
[BlackElo "2445"]
[PlyCount "34"]
[EventDate "1994.??.??"]
[EventType "team"]
[EventRounds "10"]
[EventCountry "ROU"]
[SourceTitle "EXT 1997"]
[Source "ChessBase"]
[SourceDate "1996.11.15"]
[SourceVersion "1"]
[SourceVersionDate "1996.11.15"]
[SourceQuality "1"]

1. e4 e5 2. Nf3 d6 3. Bc4 Nf6 4. d3 Be7 5. 0-0 0-0 6. Bg5 Nc6 7. c3 h6 8. Bh4 Nh5 9. Bg3 Nxg3 10. fxg3 Kh8 11. Nbd2 f5 12. Bd5 Bf6 13. Nc4 Ne7 14. Ne3 c6 15. Bb3 Qb6 16. d4 exd4 17. Nxd4 fxe4 0-1

[Event "Berliner Sommer 05th"]
[Site "Berlin West"]
[Date "1987.??.??"]
[Round "?"]
[White "Schoen, Wolfram"]
[Black "Candea, Gheorghe"]
[Result "1-0"]
[WhiteElo "2445"]
[BlackElo "2295"]
[PlyCount "57"]
[EventDate "1987.08.08"]
[EventType "swiss"]
[EventRounds "9"]
[EventCountry "GER"]
[SourceTitle "EXT 1998"]
[Source "ChessBase"]
[SourceDate "1997.11.17"]
[SourceVersion "1"]
[SourceVersionDate "1997.11.17"]
[SourceQuality "1"]

1. d4 Nf6 2. c4 g6 3. Nc3 d5 4. cxd5 Nxd5 5. e4 Nxc3 6. bxc3 Bg7 7. Bc4 0-0 8. Ne2 c5 9. 0-0 cxd4 10. cxd4 Nc6 11. Be3 Bg4 12. f3 Na5 13. Bd3 Be6 14. d5 Bxa1 15. Qxa1 f6 16. Rb1 Bd7 17. e5 Bc6 18. Be4 Bxd5 19. Rd1 e6 20. Nf4 Qe7 21. Nxd5 exd5 22. Bxd5+ Rf7 23. Qc3 Nc6 24. e6 Rg7 25. Bc5 Qc7 26. e7+ Kh8 27. Bxc6 Qxc6 28. Rd8+ Rg8 29. Rd6 1-0